| 000 | 01576cam a22003854i 4500 | ||
|---|---|---|---|
| 003 | PE-LiUPU | ||
| 005 | 20250731184111.0 | ||
| 008 | 150625s2002 mx a r 000 0 spa d | ||
| 020 | _a9706861823 | ||
| 035 | _a(Sirsi) i9789706861825 | ||
| 040 |
_aPE-LiUPU _bspa _cPE-LiUPU _erda |
||
| 049 | _aPRUA | ||
| 082 | 0 | 4 |
_a807 _bF78 _221 |
| 100 | 1 |
_aFournier Marcos, Celinda, _eautor. |
|
| 245 | 1 | 0 |
_aAnálisis literario / _cCelinda Fournier Marcos. |
| 264 | 1 |
_aMéxico : _bThomson, _c2002. |
|
| 300 |
_a248 páginas : _bilustraciones, esquémas, cuadros ; _c25 centímetros. |
||
| 336 |
_atext _2rdacontent |
||
| 337 |
_aunmediated _2rdamedia |
||
| 338 |
_avolume _2rdacarrier |
||
| 490 | 0 | _aThomson ciencias sociales humanidades | |
| 505 | 0 | _aPresentación IX. -Lo literario 1. -El ensayo 31. -El cuento 49. -La novela 107. -La poesía 145. -Género dramático 195. | |
| 526 | _aP145 | ||
| 526 | _aP127 | ||
| 526 | _aP97 | ||
| 526 | _aP14 | ||
| 526 | _aP07 | ||
| 541 | _g001-0029255; | ||
| 650 | 1 | 4 |
_aLiteratura _xEstudio y enseñanza (Superior). |
| 942 |
_2ddc _cBOOK |
||
| 949 |
_a807 F78 _wDEWEY _c1 _i59157 _d2016-9-7 _e2016-9-7 _lCCODEBUL1 _mBUL _n1 _p12.00 _r0 _sY _tBOOK _u2015-6-25 _xEDUCACION _PP20 _0COMPRA _o.STAFF. Colección General |
||
| 994 |
_aC0 _bPEPRU |
||
| 596 | _a1 | ||
| 999 |
_a807 F78 _wDEWEY _c47970 _i59157 _d47970 _e2016-9-7 _f2021-11-9 _g5 _lCCODEBUL1 _mBUL _n1 _p12.00 _q1 _r0 _sY _tBOOK _u2015-6-25 _xEDUCACION _PP20 _0COMPRA _o.STAFF. Colección General |
||
| 980 |
_81 _gALBERTO SANCHEZ Responsable de Automatización |
||